000
00267nam a2200097Ia 4500
001
642043
005
20250826153519.0
008
250824s9999 xx 000 0 und d
245
0
_a
OSMANLI GÜNLÜKLERİ 2 FETHİN SULTANLARI
_c
SEVİNÇ KUŞOĞLU
260
_b
GENÇ TİMAŞ
999
_c
642043
_d
642043